| 000 | 01911nam a2200325 i 4500 | ||
|---|---|---|---|
| 001 | on1427180261 | ||
| 003 | OCoLC | ||
| 005 | 20260511114640.0 | ||
| 006 | m o d | ||
| 007 | cr cnu---unuuu | ||
| 008 | 240304t20242024enka ob 001 0 eng | ||
| 010 | _a2024009815 | ||
| 020 | _a9781839768552 | ||
| 035 | _a(OCoLC)1427180261 | ||
| 040 |
_aDLC _beng _erda _cDLC _dTEFOD _dUKAHL _dYDX _dUOH |
||
| 042 | _apcc | ||
| 050 | 4 |
_aHD30.2 _b.G467 2024 |
|
| 100 |
_aGent, Craig, _eauthor. _924922 |
||
| 245 | 1 | 0 |
_aCyberboss _b: the rise of algorithmic management and the new struggle for control at work _c/ Craig Gent. |
| 264 | 1 |
_aLondon ; _aBrooklyn, NY : _bVerso, _c2024. |
|
| 264 | 4 | _c2024. | |
| 300 | _a 247 pages ; 21 cm | ||
| 504 | _aIncludes bibliographical references and index. | ||
| 505 | _aThe Stakes — Algorithmic Work — Management — Technological Politics — Algorithmic Management — Refusal and Resistance — Epilogue. | ||
| 520 | _aAcross the world, algorithms are changing the nature of work. Nowhere is this clearer than in the logistics and distribution sectors, where workers are instructed, tracked and monitored by increasingly dystopian management technologies. In Cyberboss, Craig Gent takes us into workplaces where algorithms rule to excavate the politics behind the newest form of managerial power. Combining worker testimony and original research on companies such as Amazon, Uber, and Deliveroo, the cutting edge of algorithmic management technology, this book reveals the sometimes unexpected effects these new techniques have on work, workers and managers. Gent advances an alternative politics of resistance in the face of digital control. | ||
| 588 | _aDescription based on online resource; title from digital title page (viewed on September 26, 2024). | ||
| 650 | 0 |
_a Management _x Data processing _911041 |
|
| 650 | 0 |
_aWork environment _9742 |
|
| 942 | _2lcc | ||
| 999 |
_c4540 _d4540 |
||